Southville International School and Colleges

General microbiology / (Record no. 367837)

000 -LEADER
fixed length control field 00595nam a22001937a 4500
003 - CONTROL NUMBER IDENTIFIER
control field 0
005 - DATE AND TIME OF LATEST TRANSACTION
control field 20250909130652.0
008 - FIXED-LENGTH DATA ELEMENTS--GENERAL INFORMATION
fixed length control field 250909b xxu||||| |||| 00| 0 eng d
020 ## - INTERNATIONAL STANDARD BOOK NUMBER
International Standard Book Number 979-8-89161-539-7
050 ## - LIBRARY OF CONGRESS CALL NUMBER
Classification number QR 41
Item number .M87 2025
100 ## - MAIN ENTRY--PERSONAL NAME
Personal name Murphy, Marcus,
Relator term author.
245 ## - TITLE STATEMENT
Title General microbiology /
Statement of responsibility, etc Marcus Murphy.
260 ## - PUBLICATION, DISTRIBUTION, ETC. (IMPRINT)
Place of publication, distribution, etc Jersey City, USA :
Name of publisher, distributor, etc Alexis Press,
Date of publication, distribution, etc 2025.
300 ## - PHYSICAL DESCRIPTION
Extent x, 298 pages :
Other physical details colored illustrations ;
Dimensions 27 cm.
504 ## - BIBLIOGRAPHY, ETC. NOTE
Bibliography, etc Includes bibliographical references and index.
650 ## - SUBJECT ADDED ENTRY--TOPICAL TERM
Topical term or geographic name as entry element Microbiology.
650 ## - SUBJECT ADDED ENTRY--TOPICAL TERM
Topical term or geographic name as entry element Microbiology
General subdivision Textbooks.
942 ## - ADDED ENTRY ELEMENTS (KOHA)
Source of classification or shelving scheme
Koha item type Books
Holdings
Lost status Koha item type Price effective from Date acquired Damaged status Barcode Shelving location Source of acquisition Sub Shelving location Withdrawn status Current Location Date last seen Permanent Location Source of classification or shelving scheme Full call number
 Books2025-09-092025-06-04 C24958Reserve SectionLibrary Fund  College Library2025-09-09College Library QR 41 .M87 2025
Powered by Koha